Italian high renaissance and baroque sculpture. Catalogue

Bibliographic Details
Main Author: Pope-Hennessy, John (Author)
Format: Book
Language:Undetermined
Published: London Phaidon Press 1963

MARC

LEADER 00000nam a2200000 a 4500
001 vtls001414931
003 SK-MaSNL
005 20260301012603.0
008 240314s1963 xx 0 und
035 |a SNK000369665 
040 |a SNK  |b slo  |c SNK  |e AACR2 
100 1 |a Pope-Hennessy, John  |4 aut  |9 297860 
245 1 0 |a Italian high renaissance and baroque sculpture. Catalogue 
260 |a London  |b Phaidon Press  |c 1963 
300 |a 183 s. 
958 |a OND 
999 |c 553921  |d 555851 
952 |t P60, <04>, [BOOK], {604}  |a SNK  |b SNK  |y VYP  |7 0  |p 17A0304733  |o snkIB 46609/3  |0 0  |1 0  |4 0  |d 2001-06-11  |l 0  |r 2005-01-02 00:00:00  |w 2026-02-23